000 00246nam a2200109Ia 4500
999 _c7021
_d7021
020 _a978-0072904789
100 _aJoseph R. Dominick
245 4 _aThe Dynamics of Mass Communication
260 _aNew York
_bCRC
_c1996
300 _a599
942 _cBK